[Event "Trento op"]
[Site "Trento"]
[Date "2008.03.30"]
[Round "4"]
[White "Masini, Michele"]
[Black "Kirchner, Davide"]
[Result "1/2-1/2"]
[WhiteElo "1398"]
[BlackElo "1422"]
[PlyCount "49"]
[EventDate "2008.03.28"]
[EventType "swiss"]
[EventRounds "5"]
[EventCountry "ITA"]
[SourceTitle "EXT 2011"]
[Source "ChessBase"]
[SourceDate "2010.11.26"]
[SourceVersion "1"]
[SourceVersionDate "2010.11.26"]
[SourceQuality "1"]

1. d4 d5 2. c4 c6 3. Nc3 Nf6 4. h3 Bf5 5. Bg5 e6 6. e3 Bb4 7. cxd5 cxd5 8. Bd3 Bxd3 9. Qxd3 0-0 10. Nf3 Nbd7 11. 0-0 Rc8 12. Ne5 a6 13. Nxd7 Qxd7 14. Bxf6 gxf6 15. f4 f5 16. Ne2 Kh8 17. Kh2 Rg8 18. Ng1 Rg6 19. Nf3 Rcg8 20. Rg1 Qe7 21. Rac1 Bd6 22. Rc2 Qf6 23. Ne5 Bxe5 24. dxe5 Qh4 25. Qe2 1/2-1/2

[Event "Trento op"]
[Site "Trento"]
[Date "2008.03.29"]
[Round "3"]
[White "Spornberger, Andre"]
[Black "Masini, Michele"]
[Result "1-0"]
[WhiteElo "1485"]
[BlackElo "1398"]
[PlyCount "95"]
[EventDate "2008.03.28"]
[EventType "swiss"]
[EventRounds "5"]
[EventCountry "ITA"]
[SourceTitle "EXT 2011"]
[Source "ChessBase"]
[SourceDate "2010.11.26"]
[SourceVersion "1"]
[SourceVersionDate "2010.11.26"]
[SourceQuality "1"]

1. d4 Nf6 2. Bf4 g6 3. e3 Bg7 4. Nf3 d6 5. h3 c6 6. Be2 Nbd7 7. 0-0 0-0 8. c4 h6 9. Nc3 Nh7 10. b4 e5 11. Bh2 Ng5 12. c5 dxc5 13. bxc5 exd4 14. exd4 Nxf3+ 15. Bxf3 Nxc5 16. dxc5 Bxc3 17. Rb1 Qg5 18. Bd6 Re8 19. Qd3 Bf6 20. Qc4 Be7 21. Rfe1 Bxh3 22. Rxb7 Be6 23. Qa4 Bxd6 24. cxd6 Bd5 25. Rxe8+ Rxe8 26. Bxd5 Qxd5 27. d7 Rd8 28. Qxa7 Kf8 29. Rb8 Ke7 30. Rxd8 Kxd8 31. a4 Qxd7 32. Qa5+ Qc7 33. Qd2+ Qd7 34. Qxh6 c5 35. Qf8+ Kc7 36. Qxc5+ Kb8 37. a5 Qc7 38. Qb5+ Qb7 39. Qxb7+ Kxb7 40. Kh2 Ka6 41. Kg3 Kxa5 42. Kf4 f6 43. Ke4 Kb5 44. Kd5 Kb4 45. Ke6 Kc4 46. Kxf6 Kd4 47. Kxg6 Ke4 48. g4 1-0

[Event "Trento op"]
[Site "Trento"]
[Date "2008.03.28"]
[Round "1"]
[White "Gallo, Carlo"]
[Black "Masini, Michele"]
[Result "1-0"]
[WhiteElo "1667"]
[BlackElo "1398"]
[PlyCount "49"]
[EventDate "2008.03.28"]
[EventType "swiss"]
[EventRounds "5"]
[EventCountry "ITA"]
[SourceTitle "EXT 2011"]
[Source "ChessBase"]
[SourceDate "2010.11.26"]
[SourceVersion "1"]
[SourceVersionDate "2010.11.26"]
[SourceQuality "1"]

1. c4 f5 2. Nc3 Nf6 3. g3 g6 4. Bg2 Bg7 5. e3 0-0 6. Nge2 c6 7. 0-0 e6 8. d4 d5 9. b3 Nbd7 10. Ba3 Re8 11. Re1 e5 12. cxd5 cxd5 13. Nxd5 e4 14. Nxf6+ Qxf6 15. Nf4 Nb6 16. Rc1 g5 17. Nh5 Qg6 18. Rc7 Nd7 19. Bf1 g4 20. Nf4 Qf6 21. Nd5 Qd8 22. Qc2 Nf6 23. Nxf6+ Qxf6 24. Bb5 Qe6 25. Bc4 1-0

[Event "Chioggia op-B 02nd"]
[Site "Chioggia"]
[Date "2007.05.20"]
[Round "5"]
[White "Cruccu, Alberto"]
[Black "Masini, Michele"]
[Result "1/2-1/2"]
[WhiteElo "1521"]
[BlackElo "1386"]
[PlyCount "64"]
[EventDate "2007.05.18"]
[EventType "swiss"]
[EventRounds "5"]
[EventCountry "ITA"]
[SourceTitle "EXT 2022"]
[Source "ChessBase"]
[SourceDate "2021.10.06"]
[SourceVersion "1"]
[SourceVersionDate "2021.10.06"]
[SourceQuality "1"]

1. e4 e5 2. Nf3 Nf6 3. Nc3 Bc5 4. Bc4 d6 5. h3 c6 6. d3 h6 7. 0-0 0-0 8. a3 d5 9. exd5 cxd5 10. Ba2 a6 11. Nxe5 Nc6 12. Nxc6 bxc6 13. d4 Bd6 14. Ne2 Be6 15. Bf4 Re8 16. Bxd6 Qxd6 17. Ng3 Ra7 18. c3 Rb7 19. b4 Ra7 20. Bb1 Qd7 21. Qf3 Nh7 22. Bxh7+ Kxh7 23. Nh5 Qe7 24. Qg3 Qg5 25. Qxg5 hxg5 26. g4 Kg6 27. f4 f5 28. Ng3 gxf4 29. gxf5+ Bxf5 30. Nxf5 Kxf5 31. Rae1 Rae7 32. Rxe7 Rxe7 1/2-1/2